| 000 | 00604nam a2200205 u 4500 | ||
|---|---|---|---|
| 005 | 20240803063804.0 | ||
| 008 | 100614s2007 es r 000 0 spa d | ||
| 020 | _a9788423683550 | ||
| 035 | _aUPN01000176497 | ||
| 049 | _aCG | ||
| 050 | 4 |
_aPQ6657 U3 _bE5.6 |
|
| 100 | 1 |
_aGudín de la Lama, Enrique _930829 |
|
| 245 | 1 | 0 |
_aEn primaria todos éramos muy listos / _cEnrique Gudín de la Lama. |
| 260 |
_aBarcelona, Esp. : _bEdebé, _c2007. |
||
| 300 | _a171 p. | ||
| 440 | 0 |
_aPeriscopio ; _v97 |
|
| 650 | 4 |
_aNovela española _910814 |
|
| 650 | 0 |
_aLiteratura juvenil española _912359 |
|
| 905 | _aLibro | ||
| 999 |
_c148600 _d148600 |
||